30 Second Logic Puzzle Quiz Stats

Quiz Updated May 25, 2016

Challenge
Share
Tweet
Score 0/11 Timer 00:30
193 Plays Today
% Correct
???
100%
???
84.8%
???
60%
???
51.6%
???
37.8%
???
30.3%
???
25.1%
???
23.8%
???
17.6%
???
13.8%
???
13.1%

You're not logged in!

Compare scores with friends on all Sporcle quizzes.
Sign Up with Email
OR
Log In

You Might Also Like...

Show Comments

Extras

Top Quizzes Today


Score Distribution

Your Account Isn't Verified!

In order to create a playlist on Sporcle, you need to verify the email address you used during registration. Go to your Sporcle Settings to finish the process.